000 01027cam a22003493a 4500
001 0000667
003 DO-SdBNP
005 20170918104606.0
007 0000667
008 861112 2007 sp c 000 0 spa d
010 _a
020 _a8482362461 (colección)
020 _a8482362488
040 _aBPMSU
_cspa
_dBPMSU
_d
082 4 _a721.822
_bP977m
100 1 _aGarcía Pascual, Anna
245 1 0 _aPuertas de madera /
_credacción Anna García Pascual ; traducción Nadia Drandov
246 1 0 _aInterior doors = Puertas de interior /
246 0 _aPuertas de madera = Doors of woods
260 0 _a[España] :
_bLexus,
_c2007.
300 _a236 p. :
_bretrs.;
_c34 cm.
500 _aTítulo de la portada
546 _aTexto en español e inglés
600 _a
_x
650 4 _aPUERTAS DE MADERA
650 4 _aPUERTAS
700 1 2 _aDrandov, Nadia
_etrad.
910 _aValidado. Control de calidad MFF
942 _2ddc
_cBK
945 _aInventariado / 2017 VM
956 _2YLOCKWARD
_310
_8BPMSU
999 _c11356
_d11356